[Event "EWICC 2019"]
[Site "Antalya"]
[Date "2019.04.21"]
[Round "10.53"]
[White "Trippold, Denise"]
[Black "Pipia, Ekaterine"]
[Result "1-0"]
[WhiteElo "2158"]
[BlackElo "1936"]
[Annotator "NA"]
[PlyCount "93"]
[EventDate "2019.04.11"]
[EventType "swiss"]
[EventCountry "TUR"]
[SourceTitle "playchess.com"]
[Source "ChessBase"]
[SourceQuality "1"]

1. d4 Nf6 2. c4 e6 3. g3 d5 4. Bg2 Bb4+ 5. Nd2 O-O 6. Ngf3 c6 7. O-O Nbd7 8. Qc2 Bd6 9. e4 e5 10. cxd5 cxd5 11. exd5 exd4 12. Nxd4 Nb6 13. Nc4 Nbxd5 14. Nf5 Nb4 15. Qb1 Bc5 16. Be3 Bxe3 17. Ncxe3 Nc6 18. Rd1 Qc7 19. Qc2 Bxf5 20. Nxf5 Rfe8 21. Rac1 Qe5 22. Nd6 Nd4 23. Rxd4 Qxd4 24. Nxe8 Rxe8 25. Bxb7 g6 26. Bf3 h5 27. Rd1 Qb6 28. h4 Re5 29. Qd2 Kg7 30. Qd4 Qa5 31. b4 Qb5 32. a4 Qb8 33. Kg2 Re7 34. Rc1 Rd7 35. Qc3 Qd8 36. b5 Rd3 37. Qc7 Qd4 38. Qc4 Qd7 39. Qc5 Rd4 40. a5 Ng4 41. Rc2 Ra4 42. b6 axb6 43. axb6 Qd3 44. b7 Ra1 45. Qc3+ Qxc3 46. Rxc3 Rb1 47. Rc8 1-0

[Event "EWICC 2019"]
[Site "Antalya"]
[Date "2019.04.21"]
[Round "10.54"]
[White "Kocyigit, Buse Naz"]
[Black "Represa Perez, Mireya"]
[Result "1-0"]
[WhiteElo "1932"]
[BlackElo "2164"]
[Annotator "NA"]
[PlyCount "57"]
[EventDate "2019.04.11"]
[EventType "swiss"]
[EventCountry "TUR"]
[SourceTitle "playchess.com"]
[Source "ChessBase"]
[SourceQuality "1"]

1. d4 Nf6 2. Bg5 e6 3. e4 h6 4. Bxf6 Qxf6 5. c3 d6 6. Nd2 g5 7. Bd3 Bg7 8. Ne2 Qe7 9. O-O Nd7 10. f4 b6 11. a4 a5 12. Nc4 Bb7 13. Ne3 gxf4 14. Nxf4 O-O-O 15. Qe2 Kb8 16. Nh5 Rdg8 17. Rf2 c5 18. Raf1 f5 19. Nxg7 Qxg7 20. exf5 cxd4 21. f6 Nxf6 22. Rxf6 dxe3 23. Bg6 h5 24. Qxe3 Rh6 25. Qxe6 Ka7 26. Qxd6 Qh8 27. Qxb6+ Ka8 28. Rf7 Rb8 29. Qxa5+ 1-0

[Event "EWICC 2019"]
[Site "Antalya"]
[Date "2019.04.21"]
[Round "10.55"]
[White "Exler, Veronika"]
[Black "Hereklioglu, Sude"]
[Result "0-1"]
[WhiteElo "2289"]
[BlackElo "1948"]
[Annotator "NA"]
[PlyCount "150"]
[EventDate "2019.04.11"]
[EventType "swiss"]
[EventCountry "TUR"]
[SourceTitle "playchess.com"]
[Source "ChessBase"]
[SourceQuality "1"]

1. d4 Nf6 2. Bf4 d6 3. Nc3 g6 4. e4 Bg7 5. Qd2 Nc6 6. O-O-O O-O 7. f3 Nd7 8. Bh6 Bxh6 9. Qxh6 e5 10. d5 Ne7 11. h4 f6 12. g3 a6 13. Bd3 b5 14. Nge2 Nb6 15. g4 b4 16. Nb1 c5 17. Ng3 c4 18. Be2 Kh8 19. Qd2 a5 20. c3 Qc7 21. cxb4 axb4 22. Qxb4 Rxa2 23. Nc3 Ra1+ 24. Kc2 Rxd1 25. Rxd1 Bd7 26. Ra1 Rb8 27. Nb5 Bxb5 28. Qxb5 Nbxd5 29. Qa5 Nb4+ 30. Kc3 Qc8 31. Qa7 Nbc6 32. Qa6 Rb3+ 33. Kd2 Rxb2+ 34. Kc1 Qxa6 35. Rxa6 Rb4 36. Kd2 Nd4 37. Kc3 Rb3+ 38. Kxc4 Re3 39. Bd1 Nxf3 40. Bxf3 Rxf3 41. Ne2 Re3 42. Nc3 Rg3 43. Rxd6 Ng8 44. Rd8 Kg7 45. Nd5 Nh6 46. Rd7+ Nf7 47. Nc7 Rxg4 48. Kd5 Rxh4 49. Ke6 Rxe4 50. Rxf7+ Kh6 51. Nd5 f5 52. Nf6 Re1 53. Nxh7 e4 54. Kf6 Ra1 55. Nf8 Ra6+ 56. Ke5 Kg5 57. Kd4 Kf4 58. Rb7 g5 59. Rb1 Ra4+ 60. Kc3 Ra3+ 61. Kc2 e3 62. Ne6+ Kf3 63. Nxg5+ Kf2 64. Nh3+ Kg3 65. Ng1 f4 66. Ne2+ Kf3 67. Nd4+ Kf2 68. Nb5 Ra2+ 69. Kd3 f3 70. Nc3 Rd2+ 71. Kc4 e2 72. Ne4+ Ke3 73. Nxd2 Kxd2 74. Kd4 e1=Q 75. Rb2+ Kc1 0-1

[Event "EWICC 2019"]
[Site "Antalya"]
[Date "2019.04.21"]
[Round "10.56"]
[White "Anacoglu, Cisel"]
[Black "Berke, Ana"]
[Result "0-1"]
[WhiteElo "1958"]
[BlackElo "2146"]
[Annotator "NA"]
[PlyCount "138"]
[EventDate "2019.04.11"]
[EventType "swiss"]
[EventCountry "TUR"]
[SourceTitle "playchess.com"]
[Source "ChessBase"]
[SourceQuality "1"]

1. e4 c5 2. Nf3 e6 3. d4 cxd4 4. Nxd4 Nc6 5. Nc3 Qc7 6. g3 a6 7. Bg2 Nf6 8. O-O h6 9. Re1 Nxd4 10. Qxd4 Bc5 11. Bf4 d6 12. Qd2 e5 13. Be3 Be6 14. Bxc5 Qxc5 15. Rad1 Rd8 16. Qe3 Qb4 17. Qd2 O-O 18. Nd5 Nxd5 19. exd5 Qxd2 20. Rxd2 Bd7 21. f4 f6 22. Rf2 b5 23. f5 Rb8 24. Be4 Rfc8 25. Rf3 b4 26. Kf2 Ba4 27. b3 Be8 28. g4 Bf7 29. a4 bxa3 30. Ra1 Rc5 31. c4 Ra5 32. Ke2 Be8 33. Kd2 Rc5 34. Rxa3 a5 35. Rc3 Rb4 36. Ke3 Bd7 37. h3 Kf7 38. Kd2 Ke7 39. Ke3 a4 40. Kd3 Ra5 41. Ra1 Kd8 42. bxa4 Raxa4 43. Rxa4 Rxa4 44. Ke3 Kc7 45. h4 Ra1 46. Kf2 Ra2+ 47. Kf3 Kb6 48. Rb3+ Kc5 49. Rb7 Ba4 50. Rxg7 Kd4 51. g5 hxg5 52. hxg5 Bd1+ 53. Kg3 Kxe4 54. gxf6 Ra8 55. Rd7 Kxf5 56. Rxd6 Rf8 57. Rc6 Ba4 58. Ra6 Bb3 59. Rc6 Rxf6 60. d6 Rf8 61. c5 Ke6 62. Rc7 Ba4 63. Ra7 Bc6 64. Rc7 Kd5 65. Re7 Rd8 66. Kg4 Rd7 67. Kf5 Rxe7 68. dxe7 Bd7+ 69. Kf6 e4 0-1

[Event "EWICC 2019"]
[Site "Antalya"]
[Date "2019.04.21"]
[Round "10.57"]
[White "Duran, Esma Doga"]
[Black "Aydin, Gulenay"]
[Result "1-0"]
[WhiteElo "2131"]
[BlackElo "1936"]
[Annotator "NA"]
[PlyCount "46"]
[EventDate "2019.04.11"]
[EventType "swiss"]
[EventCountry "TUR"]
[SourceTitle "playchess.com"]
[Source "ChessBase"]
[SourceQuality "1"]

1. d4 Nf6 2. c4 g6 3. Nc3 Bg7 4. e4 d6 5. g3 O-O 6. Bg2 c6 7. Nge2 e5 8. O-O Nbd7 9. h3 exd4 10. Nxd4 Qa5 11. a3 Ne5 12. b4 Qa6 13. b5 Qa5 14. Qb3 c5 15. Nc2 Qd8 16. f4 Ned7 17. Bb2 Nb6 18. Rad1 Qc7 19. Ne3 h5 20. e5 dxe5 21. fxe5 Nfd7 22. Ncd5 Qb8 23. Ne7+ Kh7 1-0

[Event "EWICC 2019"]
[Site "Antalya"]
[Date "2019.04.21"]
[Round "10.58"]
[White "Narva, Triin"]
[Black "Catal, Uktenur"]
[Result "1-0"]
[WhiteElo "2129"]
[BlackElo "1820"]
[Annotator "NA"]
[PlyCount "69"]
[EventDate "2019.04.11"]
[EventType "swiss"]
[EventCountry "TUR"]
[SourceTitle "playchess.com"]
[Source "ChessBase"]
[SourceQuality "1"]

1. e4 e6 2. d4 d5 3. Nd2 a6 4. Ngf3 c5 5. dxc5 Bxc5 6. Bd3 Nf6 7. O-O O-O 8. e5 Nfd7 9. Nb3 Be7 10. c3 Nc6 11. Re1 Re8 12. Nbd4 Nf8 13. Nxc6 bxc6 14. Nd4 Bd7 15. f4 c5 16. Nf3 c4 17. Bc2 Bc5+ 18. Kh1 Bc6 19. Be3 Bxe3 20. Rxe3 Ng6 21. Nd4 Bd7 22. Qh5 f5 23. Rh3 Nf8 24. g4 g6 25. Qh6 Kh8 26. Rg1 Qe7 27. Rhg3 Qg7 28. Qxg7+ Kxg7 29. gxf5 exf5 30. Bxf5 Kh8 31. Bxd7 Nxd7 32. Rh3 Nf8 33. f5 gxf5 34. Nxf5 Rxe5 35. Nh6 1-0

[Event "EWICC 2019"]
[Site "Antalya"]
[Date "2019.04.21"]
[Round "10.59"]
[White "Koljevic, Nikolina"]
[Black "Trisha Kanyamarala"]
[Result "1/2-1/2"]
[WhiteElo "1917"]
[BlackElo "2028"]
[Annotator "NA"]
[PlyCount "82"]
[EventDate "2019.04.11"]
[EventType "swiss"]
[EventCountry "TUR"]
[SourceTitle "playchess.com"]
[Source "ChessBase"]
[SourceQuality "1"]

1. e4 c6 2. d4 d5 3. e5 Bf5 4. h4 h5 5. c4 e6 6. Nc3 Ne7 7. Bd3 Bxd3 8. Qxd3 dxc4 9. Qxc4 Nf5 10. Nf3 Be7 11. Ne4 Nd7 12. Bg5 Nb6 13. Qd3 Qd7 14. Bxe7 Qxe7 15. g3 O-O-O 16. O-O Rd7 17. Rfd1 Rhd8 18. Rac1 Kb8 19. Nc5 Rd5 20. Qc3 Rc8 21. b4 Nd7 22. Nb3 f6 23. a4 a6 24. Rd2 Rd8 25. Rcd1 Rg8 26. Nc5 Nxc5 27. dxc5 Rgd8 28. Qb2 R8d7 29. Kg2 Qd8 30. Rxd5 Rxd5 31. Rxd5 exd5 32. b5 axb5 33. axb5 cxb5 34. Qxb5 Qc8 35. Qd3 Qe6 36. Qb1 Kc8 37. exf6 gxf6 38. Qa2 Qe4 39. Qa8+ Kc7 40. Qa5+ Kc8 41. Qa8+ Kc7 1/2-1/2

[Event "EWICC 2019"]
[Site "Antalya"]
[Date "2019.04.21"]
[Round "10.62"]
[White "Sade, Defne"]
[Black "Chan, Naruna"]
[Result "0-1"]
[WhiteElo "2013"]
[BlackElo "2004"]
[Annotator "NA"]
[PlyCount "117"]
[EventDate "2019.04.11"]
[EventType "swiss"]
[EventCountry "TUR"]
[SourceTitle "playchess.com"]
[Source "ChessBase"]
[SourceQuality "1"]

1. e4 c5 2. Nf3 Nc6 3. d4 cxd4 4. Nxd4 e5 5. Nb5 d6 6. N1c3 a6 7. Na3 Be6 8. Nc4 b5 9. Ne3 Be7 10. Bd3 Bg5 11. O-O Nge7 12. a4 b4 13. Ncd5 O-O 14. f4 exf4 15. Nxf4 Ne5 16. Nf5 N7g6 17. Qh5 Bxf5 18. exf5 Nxf4 19. Bxf4 f6 20. Bxg5 fxg5 21. f6 Nxd3 22. f7+ Kh8 23. cxd3 Ra7 24. Rae1 Re7 25. Rxe7 Qxe7 26. Qf3 h6 27. Qf5 Qe3+ 28. Kh1 Qe5 29. Qxe5 dxe5 30. Kg1 Kh7 31. Rf5 Kg6 32. Rxe5 Rxf7 33. Ra5 Rf6 34. d4 Kh5 35. Rc5 Kg4 36. Rc4 Rb6 37. Kf2 Kf4 38. b3 Ke4 39. Ke2 g4 40. g3 h5 41. Kd2 g6 42. Ke2 a5 43. d5+ Kxd5 44. Kd3 Rf6 45. Rd4+ Kc5 46. Rc4+ Kb6 47. Re4 Rf3+ 48. Kc4 Rc3+ 49. Kd5 Rxb3 50. Re6+ Kc7 51. Re7+ Kd8 52. Ra7 Rf3 53. Rg7 Rf6 54. Ke5 Rb6 55. Ra7 b3 56. Ra8+ Kc7 57. Ra7+ Kc6 58. Rxa5 b2 59. Kd4 0-1

[Event "EWICC 2019"]
[Site "Antalya"]
[Date "2019.04.21"]
[Round "10.63"]
[White "Pintor, Ariana"]
[Black "Tanir, Simay"]
[Result "1/2-1/2"]
[WhiteElo "1918"]
[BlackElo "1361"]
[Annotator "NA"]
[PlyCount "122"]
[EventDate "2019.04.11"]
[EventType "swiss"]
[EventCountry "TUR"]
[SourceTitle "playchess.com"]
[Source "ChessBase"]
[SourceQuality "1"]

1. e4 e6 2. Qe2 c5 3. g3 g6 4. Bg2 Bg7 5. f4 Ne7 6. Nf3 d6 7. c3 Nbc6 8. O-O O-O 9. Na3 a6 10. Nc2 e5 11. d3 f5 12. Be3 Be6 13. fxe5 fxe4 14. Ng5 exd3 15. Qxd3 Nxe5 16. Qe4 Bf5 17. Rxf5 gxf5 18. Qh4 h6 19. Ne6 N7g6 20. Qh5 Qf6 21. Nxf8 Rxf8 22. Bxh6 Bxh6 23. Qxh6 Ne7 24. Qd2 Nc4 25. Qf4 Nxb2 26. Re1 d5 27. Qc7 Rf7 28. Qxb7 Na4 29. Bxd5 Nxd5 30. Qxd5 Kg7 31. c4 Nc3 32. Qxc5 Ne4 33. Qd5 Ng5 34. Qd3 f4 35. Rf1 f3 36. Qd4 Qxd4+ 37. Nxd4 Nh3+ 38. Kh1 Ng5 39. h4 Ne4 40. Rxf3 Rxf3 41. Nxf3 Nxg3+ 42. Kg2 Ne4 43. Nd4 Kf6 44. Nb3 Ke5 45. Kf3 Nf6 46. Ke3 Nd7 47. c5 Kd5 48. h5 Nf6 49. h6 Ng4+ 50. Kd3 Nxh6 51. Kc3 a5 52. a4 Nf7 53. Nxa5 Kxc5 54. Nb3+ Kb6 55. Kb4 Nd8 56. a5+ Ka7 57. Kb5 Nb7 58. a6 Nd6+ 59. Ka5 Nc4+ 60. Kb5 Nd6+ 61. Ka5 Nc4+ 1/2-1/2

[Event "EWICC 2019"]
[Site "Antalya"]
[Date "2019.04.21"]
[Round "10.64"]
[White "Makka, Ioulia"]
[Black "Oz, Irem Ezra"]
[Result "1/2-1/2"]
[WhiteElo "2121"]
[BlackElo "1687"]
[Annotator "NA"]
[PlyCount "103"]
[EventDate "2019.04.11"]
[EventType "swiss"]
[EventCountry "TUR"]
[SourceTitle "playchess.com"]
[Source "ChessBase"]
[SourceQuality "1"]

1. e4 c5 2. Nf3 e6 3. d4 cxd4 4. Nxd4 a6 5. Bd3 Bc5 6. Nb3 Ba7 7. Qe2 Ne7 8. c4 d6 9. Be3 Bxe3 10. Qxe3 e5 11. Nc3 Nbc6 12. O-O O-O 13. Rfd1 Na5 14. Nxa5 Qxa5 15. a3 Be6 16. b4 Qc7 17. Rac1 Rac8 18. Na4 Nc6 19. Nb6 Rcd8 20. Nd5 Qd7 21. Nc3 Nd4 22. f4 f6 23. Kh1 Rc8 24. Nb1 a5 25. f5 Bf7 26. b5 Rc7 27. Nd2 Rfc8 28. Rb1 b6 29. Rg1 Kf8 30. g4 h6 31. h4 Ke7 32. Rg3 Rd8 33. Rbg1 Rcc8 34. R1g2 Qc7 35. g5 hxg5 36. hxg5 Qc5 37. gxf6+ gxf6 38. Nb1 Nb3 39. Qf3 Rg8 40. Rg7 Rxg7 41. Rxg7 Rg8 42. Rxg8 Bxg8 43. Qg3 Bf7 44. Bf1 Bxc4 45. Bxc4 Qxc4 46. Nc3 Kf8 47. Qh3 Kg7 48. Qg2+ Kf8 49. Qh3 Kg7 50. Qg2+ Kf8 51. Qh3 Kg7 52. Qg2+ 1/2-1/2

[Event "EWICC 2019"]
[Site "Antalya"]
[Date "2019.04.22"]
[Round "11.1"]
[White "Stefanova, Antoaneta"]
[Black "Gaponenko, Inna"]
[Result "1-0"]
[WhiteElo "2464"]
[BlackElo "2428"]
[Annotator "RC"]
[PlyCount "121"]
[EventDate "2019.04.11"]
[EventType "swiss"]
[EventCountry "TUR"]
[SourceTitle "playchess.com"]
[Source "ChessBase"]
[SourceQuality "1"]

1. e4 e6 2. d4 d5 3. Nd2 c5 4. Ngf3 Nc6 5. exd5 exd5 6. Bb5 Qe7+ 7. Be2 Qc7 8. dxc5 Bxc5 9. Nb3 Be7 10. c3 Nf6 11. Bg5 O-O 12. O-O Be6 13. Nfd4 Rad8 14. Bh4 Bc8 15. Bd3 Ne4 16. Bxe7 Nxe7 17. Re1 f5 18. f3 Nd6 19. Ne6 Bxe6 20. Rxe6 Qb6+ 21. Kh1 Ng6 22. Qd2 Rde8 23. Rae1 Rxe6 24. Rxe6 Rf7 25. Nd4 Qd8 26. Qe3 Nf8 27. Re5 Ng6 28. Rxd5 Re7 29. Qd2 Nf4 30. Rxd6 Qxd6 31. Nxf5 Qxd3 32. Nxe7+ Kf7 33. Qxf4+ Kxe7 34. Qb4+ Ke6 35. h4 b6 36. Kh2 Qd2 37. Qc4+ Ke7 38. b4 g5 39. Qe4+ Kd6 40. hxg5 Qxg5 41. c4 Qh6+ 42. Kg3 Qg7+ 43. Kh3 Qh6+ 44. Qh4 Qc1 45. Qd8+ Kc6 46. Qc8+ Kd6 47. c5+ Kd5 48. Qd7+ Ke5 49. Qe7+ Kd4 50. Qd6+ Kc4 51. c6 Kb5 52. c7 Ka6 53. Qd7 Qh6+ 54. Kg3 Qg6+ 55. Kf2 Qc2+ 56. Ke3 Qc1+ 57. Ke4 Qe1+ 58. Kf5 Qb1+ 59. Ke5 Qe1+ 60. Kf6 Qa1+ 61. Kf7 1-0

[Event "EWICC 2019"]
[Site "Antalya"]
[Date "2019.04.22"]
[Round "11.2"]
[White "Cramling, Pia"]
[Black "Kashlinskaya, Alina"]
[Result "1/2-1/2"]
[WhiteElo "2460"]
[BlackElo "2477"]
[Annotator "RC"]
[PlyCount "80"]
[EventDate "2019.04.11"]
[EventType "swiss"]
[EventCountry "TUR"]
[SourceTitle "playchess.com"]
[Source "ChessBase"]
[SourceQuality "1"]

1. c4 Nf6 2. Nc3 g6 3. e4 d6 4. g3 Bg7 5. Bg2 e5 6. Nge2 Nc6 7. d3 O-O 8. O-O Nh5 9. Be3 f5 10. Qd2 Be6 11. f4 exf4 12. Nxf4 Nxf4 13. Bxf4 Qd7 14. Rae1 Rae8 15. Bh6 Nd4 16. Bxg7 Qxg7 17. exf5 Bxf5 18. Rxe8 Rxe8 19. Re1 Re5 20. Rxe5 Qxe5 21. Kf2 b6 22. Qe3 Qxe3+ 23. Kxe3 c5 24. Ne2 Nxe2 25. Kxe2 Kg7 26. Ke3 Kf6 27. d4 g5 28. Bf3 h6 29. a3 a5 30. Bd1 Bh3 31. Bf3 Be6 32. Be2 Kf5 33. Kd3 Bf7 34. Bf3 h5 35. Kc3 h4 36. Kd3 hxg3 37. hxg3 Be6 38. Be2 Bd7 39. Bf3 Be8 40. Ke3 Bf7 1/2-1/2

[Event "EWICC 2019"]
[Site "Antalya"]
[Date "2019.04.22"]
[Round "11.3"]
[White "Sebag, Marie"]
[Black "Dzagnidze, Nana"]
[Result "1/2-1/2"]
[WhiteElo "2461"]
[BlackElo "2513"]
[Annotator "TA"]
[PlyCount "63"]
[EventDate "2019.04.11"]
[EventType "swiss"]
[EventCountry "TUR"]
[SourceTitle "playchess.com"]
[Source "ChessBase"]
[SourceQuality "1"]

1. e4 e6 2. d4 d5 3. Nd2 c5 4. exd5 Qxd5 5. Ngf3 cxd4 6. Bc4 Qd6 7. O-O Nf6 8. Nb3 Nc6 9. Nbxd4 Nxd4 10. Nxd4 a6 11. Re1 Qc7 12. Bf1 Bd6 13. Nf5 Bxh2+ 14. Kh1 Kf8 15. Qd4 exf5 16. Qxf6 h5 17. Qd4 Bd6 18. Bc4 Bd7 19. b3 Bc6 20. Bb2 Rh7 21. Rad1 Rd8 22. Bd5 h4 23. Bxc6 Qxc6 24. Qd5 h3 25. Qxc6 hxg2+ 26. Kxg2 bxc6 27. Ba3 Rh2+ 28. Kf3 Rh3+ 29. Kg2 Rh2+ 30. Kg1 Rh6 31. Re5 f4 32. Ra5 1/2-1/2

[Event "EWICC 2019"]
[Site "Antalya"]
[Date "2019.04.22"]
[Round "11.4"]
[White "Paehtz, Elisabeth"]
[Black "Atalik, Ekaterina"]
[Result "1-0"]
[WhiteElo "2456"]
[BlackElo "2455"]
[Annotator "TA"]
[PlyCount "141"]
[EventDate "2019.04.11"]
[EventType "swiss"]
[EventCountry "TUR"]
[SourceTitle "playchess.com"]
[Source "ChessBase"]
[SourceQuality "1"]

1. d4 Nf6 2. c4 g6 3. g3 d5 4. cxd5 Nxd5 5. Bg2 Nb6 6. Nc3 Bg7 7. Nf3 Nc6 8. e3 O-O 9. O-O Re8 10. Nh4 e5 11. d5 Na5 12. Rb1 Nac4 13. e4 Nd6 14. Qe2 Bd7 15. b3 f5 16. Ba3 Qf6 17. Nf3 Rad8 18. Nd2 Nbc8 19. Nc4 f4 20. Bb2 a6 21. gxf4 Qxf4 22. a4 b5 23. Bc1 Qh4 24. Nb2 g5 25. Nd3 Ne7 26. Qe3 h6 27. Nc5 Bc8 28. Qg3 Ng6 29. Qxh4 Nxh4 30. Be3 b4 31. Ne2 a5 32. Ng3 Re7 33. Rfc1 Kf7 34. Rc2 Kg6 35. Rbc1 h5 36. Bh1 Bg4 37. Ne6 Bxe6 38. dxe6 Ne8 39. Rc5 Rd3 40. Rxa5 Rxe6 41. Rb1 Nf6 42. Nf5 Nxf5 43. exf5+ Kxf5 44. Bb7 Red6 45. Rc5 Nd5 46. Bxd5 R6xd5 47. Rxc7 Bf6 48. Kf1 e4 49. Rc4 Bc3 50. Rc5 Rxc5 51. Bxc5 Be5 52. a5 Rd5 53. Bb6 Rb5 54. Rc1 Bc3 55. Rd1 Ke6 56. Ke2 g4 57. Rd8 Be5 58. a6 Rxb6 59. a7 Ra6 60. a8=Q Rxa8 61. Rxa8 h4 62. Ke3 Bxh2 63. Kxe4 Bd6 64. Rg8 g3 65. fxg3 Bxg3 66. Rg6+ Kf7 67. Kf5 Be1 68. Rf6+ Kg7 69. Re6 Bg3 70. Re4 Kf7 71. Kg4 1-0

[Event "EWICC 2019"]
[Site "Antalya"]
[Date "2019.04.22"]
[Round "11.5"]
[White "Ushenina, Anna"]
[Black "Socko, Monika"]
[Result "1/2-1/2"]
[WhiteElo "2432"]
[BlackElo "2447"]
[Annotator "TA"]
[PlyCount "44"]
[EventDate "2019.04.11"]
[EventType "swiss"]
[EventCountry "TUR"]
[SourceTitle "playchess.com"]
[Source "ChessBase"]
[SourceQuality "1"]

1. Nf3 c5 2. c4 Nc6 3. e3 Nf6 4. Nc3 e5 5. Be2 d5 6. d4 cxd4 7. exd4 e4 8. Ne5 Bd6 9. cxd5 Nxe5 10. dxe5 Bxe5 11. Nxe4 Qa5+ 12. Nc3 O-O 13. O-O Rd8 14. Bf3 Bf5 15. Re1 Bxc3 16. bxc3 Qxc3 17. Bg5 Rd7 18. Rc1 Qb2 19. Re2 Qb6 20. Qa4 h6 21. Bxf6 Qxf6 22. Re3 Qd6 1/2-1/2

[Event "EWICC 2019"]
[Site "Antalya"]
[Date "2019.04.22"]
[Round "11.6"]
[White "Guichard, Pauline"]
[Black "Zawadzka, Jolanta"]
[Result "1/2-1/2"]
[WhiteElo "2392"]
[BlackElo "2418"]
[Annotator "TA"]
[PlyCount "75"]
[EventDate "2019.04.11"]
[EventType "swiss"]
[EventCountry "TUR"]
[SourceTitle "playchess.com"]
[Source "ChessBase"]
[SourceQuality "1"]

1. Nf3 d5 2. e3 Nf6 3. c4 e6 4. Nc3 Bd6 5. b3 O-O 6. Bb2 c5 7. cxd5 exd5 8. d4 Nc6 9. Be2 cxd4 10. Nxd4 Re8 11. O-O Nxd4 12. Qxd4 Be5 13. Qd2 d4 14. exd4 Qxd4 15. Qxd4 Bxd4 16. Bf3 Rb8 17. Rad1 Be5 18. h3 Bf5 19. Na4 Bxb2 20. Nxb2 b6 21. Nc4 Be6 22. Rd4 Rec8 23. Rfd1 Bxc4 24. bxc4 Kf8 25. g4 Rc5 26. h4 h6 27. Kg2 Re8 28. R1d3 Ra5 29. Rd2 Rae5 30. Rf4 Ke7 31. Rfd4 Kf8 32. Bc6 Rc8 33. Bb7 Rb8 34. f4 Re7 35. Bf3 Rbe8 36. Rd1 g6 37. a4 Ne4 38. Ra1 1/2-1/2

[Event "EWICC 2019"]
[Site "Antalya"]
[Date "2019.04.22"]
[Round "11.7"]
[White "Mammadzada, Gunay"]
[Black "Tsolakidou, Stavroula"]
[Result "1/2-1/2"]
[WhiteElo "2438"]
[BlackElo "2429"]
[Annotator "TA"]
[PlyCount "91"]
[EventDate "2019.04.11"]
[EventType "swiss"]
[EventCountry "TUR"]
[SourceTitle "playchess.com"]
[Source "ChessBase"]
[SourceQuality "1"]

1. e4 e5 2. Nf3 Nc6 3. Bb5 g6 4. c3 a6 5. Ba4 Bg7 6. d4 exd4 7. cxd4 b5 8. Bc2 d6 9. O-O Nge7 10. h3 O-O 11. Nc3 Bb7 12. Bg5 h6 13. Be3 Na5 14. b3 f5 15. exf5 Nxf5 16. Be4 Bxe4 17. Nxe4 Qe7 18. Qd3 Rae8 19. Ned2 Nc6 20. a3 Nxe3 21. Rae1 Nxd4 22. Nxd4 Bxd4 23. fxe3 Bb6 24. Qxg6+ Qg7 25. Rxf8+ Rxf8 26. Qe6+ Qf7 27. Qg4+ Qg7 28. Qe4 Qg5 29. Qe6+ Kg7 30. Ne4 Qf5 31. Qe7+ Rf7 32. Qh4 Kh7 33. b4 Qe5 34. Kh1 a5 35. Nd2 Qg5 36. Qe4+ Qg6 37. Qc6 Rf2 38. Rf1 Rxf1+ 39. Nxf1 axb4 40. axb4 Qf5 41. Ng3 Qe5 42. Qd7+ Kg6 43. Qg4+ Kf7 44. Qd7+ Kg6 45. Qg4+ Kf7 46. Qd7+ 1/2-1/2

[Event "EWICC 2019"]
[Site "Antalya"]
[Date "2019.04.22"]
[Round "11.8"]
[White "Fataliyeva, Ulviyya"]
[Black "Girya, Olga"]
[Result "1-0"]
[WhiteElo "2266"]
[BlackElo "2461"]
[Annotator "TA"]
[PlyCount "81"]
[EventDate "2019.04.11"]
[EventType "swiss"]
[EventCountry "TUR"]
[SourceTitle "playchess.com"]
[Source "ChessBase"]
[SourceQuality "1"]

1. d4 d5 2. Bg5 Nf6 3. Bxf6 gxf6 4. e3 c5 5. c3 Nc6 6. Bd3 e5 7. Qh5 Qb6 8. b3 cxd4 9. exd4 Nxd4 10. Nd2 Ne6 11. Ne2 Be7 12. a4 Bd7 13. a5 Qc7 14. O-O e4 15. Bc2 f5 16. b4 Rg8 17. Bb3 Qe5 18. f4 exf3 19. Qxf3 O-O-O 20. a6 Bc6 21. axb7+ Kxb7 22. Qd3 d4 23. Qa6+ Kc7 24. Nf3 Qe3+ 25. Kh1 Rxg2 26. Bxe6 Rxh2+ 27. Kxh2 Bd6+ 28. Kh3 Qh6+ 29. Nh4 Bg2+ 30. Kxg2 Qg5+ 31. Kf2 Qxh4+ 32. Ng3 Qxg3+ 33. Ke2 Bc5 34. Qd3 Qe5+ 35. Kf3 dxc3 36. Qe2 Qd4 37. Bxf5 Qf6 38. bxc5 Qxf5+ 39. Kg2 Qg5+ 40. Kh1 Rd2 41. Rxf7+ 1-0

[Event "EWICC 2019"]
[Site "Antalya"]
[Date "2019.04.22"]
[Round "11.9"]
[White "Bodnaruk, Anastasia"]
[Black "Mkrtchian, Lilit"]
[Result "1-0"]
[WhiteElo "2427"]
[BlackElo "2397"]
[Annotator "TA"]
[PlyCount "115"]
[EventDate "2019.04.11"]
[EventType "swiss"]
[EventCountry "TUR"]
[SourceTitle "playchess.com"]
[Source "ChessBase"]
[SourceQuality "1"]

1. e4 e6 2. d4 d5 3. Nc3 Nf6 4. e5 Nfd7 5. f4 c5 6. Nf3 Nc6 7. Be3 a6 8. Qd2 b5 9. Qf2 Qa5 10. Be2 b4 11. Nd1 cxd4 12. Nxd4 Nxd4 13. Bxd4 Bc5 14. O-O Bxd4 15. Qxd4 Qc5 16. Qxc5 Nxc5 17. a3 b3 18. Rc1 bxc2 19. Rxc2 Nb3 20. Bd3 O-O 21. Rc7 a5 22. Ne3 Ba6 23. Bxa6 Rxa6 24. f5 Raa8 25. Rf2 Rfc8 26. Rfc2 Rxc7 27. Rxc7 d4 28. Nc4 exf5 29. Kf2 Rd8 30. Nd6 d3 31. Ke1 h6 32. Kd1 d2 33. a4 Rb8 34. Nxf5 Rb4 35. Rc3 Kh7 36. Nd6 Nc1 37. Kxd2 Na2 38. Rc2 Rxa4 39. Nxf7 Rg4 40. g3 Rd4+ 41. Ke3 Rd7 42. Nd6 Nb4 43. Rc5 Ra7 44. Ke4 Kg6 45. g4 a4 46. Rb5 Nc2 47. Rb6 Kh7 48. e6 Kg6 49. Nf5 a3 50. bxa3 Ra4+ 51. Ke5 Ra5+ 52. Kd6 Nxa3 53. e7 Nc4+ 54. Kc7+ Kf7 55. Rb8 Rc5+ 56. Kd7 Rd5+ 57. Kc6 Re5 58. Rf8+ 1-0

[Event "EWICC 2019"]
[Site "Antalya"]
[Date "2019.04.22"]
[Round "11.10"]
[White "Houska, Jovanka"]
[Black "Paramzina, Anastasya"]
[Result "1/2-1/2"]
[WhiteElo "2426"]
[BlackElo "2214"]
[Annotator "TA"]
[PlyCount "146"]
[EventDate "2019.04.11"]
[EventType "swiss"]
[EventCountry "TUR"]
[SourceTitle "playchess.com"]
[Source "ChessBase"]
[SourceQuality "1"]

1. d4 Nf6 2. Nf3 g6 3. g3 Bg7 4. Bg2 O-O 5. O-O d5 6. c4 c6 7. b3 Bf5 8. Bb2 Ne4 9. Nc3 Nxc3 10. Bxc3 Be4 11. e3 Nd7 12. Qe2 Qb6 13. Bh3 Bxf3 14. Qxf3 Nf6 15. Qe2 a5 16. Rfc1 Ne4 17. cxd5 cxd5 18. Be1 e6 19. Bf1 Nd6 20. Rab1 Rfd8 21. a4 Qa7 22. h4 Bf8 23. h5 Ne4 24. Bg2 Nf6 25. g4 Qb6 26. Bf3 Rdc8 27. hxg6 hxg6 28. Qb5 Qxb5 29. axb5 b6 30. Rc6 Rxc6 31. bxc6 Rc8 32. Rc1 Ba3 33. Rc2 Kf8 34. Be2 Ke7 35. f3 Ne8 36. e4 g5 37. Bd3 Nc7 38. Bd2 Rg8 39. Kg2 f6 40. Be3 b5 41. e5 Kf7 42. Kg3 Rh8 43. f4 Be7 44. Ra2 fxe5 45. dxe5 d4 46. Bd2 gxf4+ 47. Bxf4 Bb4 48. g5 Nd5 49. Bd2 Bxd2 50. Rxd2 Rc8 51. Bxb5 Nc3 52. Bd3 Rxc6 53. Rh2 Kg8 54. Kf4 Rc8 55. Bc4 Rf8+ 56. Kg4 Nd5 57. Bxd5 exd5 58. Rd2 Rb8 59. Rxd4 Rxb3 60. Rxd5 Rb1 61. Rxa5 Kf7 62. Ra6 Rg1+ 63. Kf4 Rf1+ 64. Ke4 Re1+ 65. Kd4 Rd1+ 66. Kc5 Rc1+ 67. Kd6 Rd1+ 68. Kc7 Ke7 69. g6 Rg1 70. Rc6 Rg5 71. Rd6 Rxe5 72. Rd7+ Kf6 73. g7 Rg5 1/2-1/2